<?xml version="1.0" encoding="UTF-8"?>
<record
    xmlns:xsi="http://www.w3.org/2001/XMLSchema-instance"
    xsi:schemaLocation="http://www.loc.gov/MARC21/slim http://www.loc.gov/standards/marcxml/schema/MARC21slim.xsd"
    xmlns="http://www.loc.gov/MARC21/slim">

  <leader>01601nam0a2200373 i 4500</leader>
  <controlfield tag="001">RU\NLR\BIBL_A\010853987</controlfield>
  <controlfield tag="005">20260406063218.0</controlfield>
  <datafield tag="010" ind1=" " ind2=" ">
    <subfield code="a">9785389099135</subfield>
    <subfield code="9">2000</subfield>
  </datafield>
  <datafield tag="021" ind1=" " ind2=" ">
    <subfield code="a">RU</subfield>
    <subfield code="b">2015-65219</subfield>
    <subfield code="9">3894</subfield>
  </datafield>
  <datafield tag="035" ind1=" " ind2=" ">
    <subfield code="a">(NLR Aleph) 010853987</subfield>
  </datafield>
  <datafield tag="090" ind1=" " ind2=" ">
    <subfield code="a">10387056</subfield>
    <subfield code="c">10387056</subfield>
  </datafield>
  <datafield tag="100" ind1=" " ind2=" ">
    <subfield code="a">20151001d2015    u  y0rusy50      ca</subfield>
  </datafield>
  <datafield tag="101" ind1="0" ind2=" ">
    <subfield code="a">rus</subfield>
  </datafield>
  <datafield tag="102" ind1=" " ind2=" ">
    <subfield code="a">RU</subfield>
  </datafield>
  <datafield tag="105" ind1=" " ind2=" ">
    <subfield code="a">y|||z|||000yy</subfield>
  </datafield>
  <datafield tag="200" ind1="1" ind2=" ">
    <subfield code="a">"&#x423;&#x43B;&#x438;&#x441;&#x441;" &#x432; &#x440;&#x443;&#x441;&#x441;&#x43A;&#x43E;&#x43C; &#x437;&#x435;&#x440;&#x43A;&#x430;&#x43B;&#x435;</subfield>
    <subfield code="f">&#x421;. &#x421;. &#x425;&#x43E;&#x440;&#x443;&#x436;&#x438;&#x439;</subfield>
  </datafield>
  <datafield tag="210" ind1=" " ind2=" ">
    <subfield code="a">&#x421;&#x430;&#x43D;&#x43A;&#x442;-&#x41F;&#x435;&#x442;&#x435;&#x440;&#x431;&#x443;&#x440;&#x433;</subfield>
    <subfield code="c">&#x410;&#x437;&#x431;&#x443;&#x43A;&#x430;</subfield>
    <subfield code="d">2015</subfield>
  </datafield>
  <datafield tag="215" ind1=" " ind2=" ">
    <subfield code="a">380, [2] &#x441;.</subfield>
    <subfield code="d">22</subfield>
  </datafield>
  <datafield tag="225" ind1="1" ind2=" ">
    <subfield code="a">&#x41A;&#x443;&#x43B;&#x44C;&#x442;&#x443;&#x440;&#x43D;&#x44B;&#x439; &#x43A;&#x43E;&#x434;</subfield>
  </datafield>
  <datafield tag="333" ind1=" " ind2=" ">
    <subfield code="a">18+</subfield>
  </datafield>
  <datafield tag="500" ind1="1" ind2="0">
    <subfield code="a">&#x423;&#x43B;&#x438;&#x441;&#x441;</subfield>
    <subfield code="9">2636076</subfield>
    <subfield code="3">RU\NLR\AUTH\5505090</subfield>
  </datafield>
  <datafield tag="600" ind1=" " ind2="1">
    <subfield code="a">&#x414;&#x436;&#x43E;&#x439;&#x441;</subfield>
    <subfield code="b">&#x414;.</subfield>
    <subfield code="f">1882 - 1941</subfield>
    <subfield code="g">&#x414;&#x436;&#x435;&#x439;&#x43C;&#x441;</subfield>
    <subfield code="x">&#x438; &#x440;&#x443;&#x441;&#x441;&#x43A;&#x430;&#x44F; &#x43B;&#x438;&#x442;&#x435;&#x440;&#x430;&#x442;&#x443;&#x440;&#x430;</subfield>
    <subfield code="9">1229891</subfield>
    <subfield code="3">RU\NLR\AUTH\66501418</subfield>
  </datafield>
  <datafield tag="604" ind1=" " ind2=" ">
    <subfield code="1">700#1$a&#x414;&#x436;&#x43E;&#x439;&#x441;$b&#x414;.$g&#x414;&#x436;&#x435;&#x439;&#x43C;&#x441;$f1882 - 1941</subfield>
    <subfield code="1">500##$a"&#x423;&#x43B;&#x438;&#x441;&#x441;"$2nlr_sh2$3RU\NLR\AUTH\661400471</subfield>
    <subfield code="3">RU\NLR\AUTH\661400471</subfield>
    <subfield code="a">&#x414;&#x436;&#x43E;&#x439;&#x441;, &#x414;&#x436;&#x435;&#x439;&#x43C;&#x441; (1882 - 1941)</subfield>
    <subfield code="t">"&#x423;&#x43B;&#x438;&#x441;&#x441;"</subfield>
    <subfield code="9">2343208</subfield>
  </datafield>
  <datafield tag="606" ind1=" " ind2=" ">
    <subfield code="a">&#x420;&#x443;&#x441;&#x441;&#x43A;&#x430;&#x44F; &#x43B;&#x438;&#x442;&#x435;&#x440;&#x430;&#x442;&#x443;&#x440;&#x430;</subfield>
    <subfield code="x">&#x421;&#x432;&#x44F;&#x437;&#x438;</subfield>
    <subfield code="x">&#x418;&#x440;&#x43B;&#x430;&#x43D;&#x434;&#x441;&#x43A;&#x430;&#x44F; &#x43B;&#x438;&#x442;&#x435;&#x440;&#x430;&#x442;&#x443;&#x440;&#x430;</subfield>
    <subfield code="9">2617502</subfield>
    <subfield code="3">RU\NLR\AUTH\661554062</subfield>
  </datafield>
  <datafield tag="675" ind1=" " ind2=" ">
    <subfield code="a">821.111.09</subfield>
  </datafield>
  <datafield tag="686" ind1="1" ind2=" ">
    <subfield code="a">&#x428;5(4&#x418;)16-4&#x414;&#x436;&#x43E;&#x439;&#x441;534</subfield>
  </datafield>
  <datafield tag="686" ind1="1" ind2=" ">
    <subfield code="a">&#x428;5(2=&#x420;)-318.3</subfield>
  </datafield>
  <datafield tag="700" ind1=" " ind2="1">
    <subfield code="8">rus</subfield>
    <subfield code="7">ca</subfield>
    <subfield code="a">&#x425;&#x43E;&#x440;&#x443;&#x436;&#x438;&#x439;</subfield>
    <subfield code="b">&#x421;. &#x421;.</subfield>
    <subfield code="f">1941-</subfield>
    <subfield code="g">&#x421;&#x435;&#x440;&#x433;&#x435;&#x439; &#x421;&#x435;&#x440;&#x433;&#x435;&#x435;&#x432;&#x438;&#x447;</subfield>
    <subfield code="3">RU\NLR\AUTH\7786815</subfield>
    <subfield code="9">69743</subfield>
  </datafield>
  <datafield tag="702" ind1=" " ind2="1">
    <subfield code="4">570</subfield>
    <subfield code="8">rus</subfield>
    <subfield code="7">ca</subfield>
    <subfield code="a">&#x414;&#x436;&#x43E;&#x439;&#x441;</subfield>
    <subfield code="b">&#x414;.</subfield>
    <subfield code="f">1882-1941</subfield>
    <subfield code="g">&#x414;&#x436;&#x435;&#x439;&#x43C;&#x441;</subfield>
    <subfield code="3">RU\NLR\AUTH\7722104</subfield>
    <subfield code="9">5164</subfield>
  </datafield>
  <datafield tag="942" ind1=" " ind2=" ">
    <subfield code="c">BOOK</subfield>
  </datafield>
  <datafield tag="980" ind1=" " ind2=" ">
    <subfield code="a">NBR</subfield>
  </datafield>
</record>
